000 00545nmm a2200181Ia 4500
008 251105s9999||||xx |||||||||||||||||und||
020 _a9788433922113
041 _aspa
100 _ade Kerangal, Maylis
245 0 _aCanoas
264 _a[Madrid, España] :
_bEditorial Anagrama,
_c[Fecha de publicación no identificada]
300 _a0 páginas
490 _aPanorama de narrativas
700 _ade Kerangal, Maylis
700 1 _a Albiñana Serraín, Javier
856 _uhttps://public.digitaliapublishing.com/a/161044
942 _cCF
999 _c64545
_d64545